书目信息 |
| 题名: |
户口登记常识
|
|
| 作者: | 张庆五 编写 | |
| 分册: | ||
| 出版信息: | 北京 法律出版社 1983.03 |
|
| 页数: | 92页 | |
| 开本: | 19cm | |
| 丛书名: | 法学知识丛书 | |
| 单 册: | ||
| 中图分类: | C921 | |
| 科图分类: | ||
| 主题词: | 人口统计学 | |
| 电子资源: | ||
| ISBN: | ||
| 000 | 00607nam0 2200229 45 | |
| 001 | 0405051024 | |
| 005 | 20050607154856.5 | |
| 010 | @dCNY0.28 | |
| 091 | @a6004.638 | |
| 100 | @a20040505d1983 km y0chiy0120 ea | |
| 101 | 0 | @achi |
| 105 | @a z 000yy | |
| 200 | 1 | @a户口登记常识@AHu Kou Deng Ji Chang Shi@f张庆五编写@FZhang Qing Wu BianXie |
| 210 | @a北京@c法律出版社@d1983.03 | |
| 215 | @a92页@d19cm | |
| 225 | @a法学知识丛书 | |
| 410 | @12001 @a法学知识丛书 | |
| 606 | 0 | @a人口统计学 |
| 690 | @aC921@v3 | |
| 701 | 0 | @a张庆五@4编写 |
| 801 | @aCN@bPftUser@c20040505 | |
| 905 | @dC921@e15@f1@b92302 | |
| 户口登记常识/张庆五编写.-北京:法律出版社,1983.03 |
| 92页;19cm.-(法学知识丛书) |
| ISBN :CNY0.28 |
| ● |
| 相关链接 |
|
|
|
|
正题名:户口登记常识
索取号:C921/15
 
预约/预借
| 序号 | 登录号 | 条形码 | 馆藏地/架位号 | 状态 | 备注 |
| 1 | 0092300 | 001030495 | 密集书库/ [索取号:C921/15] | 在馆 | |
| 2 | 0092301 | 001030501 | 密集书库/ [索取号:C921/15] | 在馆 | |
| 3 | 0092302 | 001030510 | 第一样本阅览室/ [索取号:C921/15] | 在馆 |